[Event "FIDE WCCC U12 2018"]
[Site "Santiago de Compostela"]
[Date "2018.11.08"]
[Round "4"]
[White "Yoo, Christopher Woojin"]
[Black "Stalmach, Richard"]
[Result "1/2-1/2"]
[WhiteElo "2407"]
[BlackElo "2028"]
[Annotator "TA"]
[PlyCount "127"]
[EventDate "2018.11.04"]
[EventType "swiss"]
[EventCountry "ESP"]
[SourceTitle "playchess.com"]
[Source "ChessBase"]
[SourceQuality "1"]

{[%evp 32,127,27,0,0,-52,-18,-43,-50,-141,-53,-136,-23,-27,0,0,0,0,0,0,8,8,8,8,8,5,5,6,7,7,6,0,8,7,9,0,0,0,6,0,7,0,0,0,0,0,0,0,0,0,8,8,19,12,22,0,0,0,0,0,0,0,0,0,0,0,0,0,0,0,0,-80,-80,-80,-25,-87,-87,-87,-83,-83,-83,-83,0,0,0,0,0,0,0,0,0,0,0,0,-8,-8,-18,-43]} 1. e4 c5 2. Nf3 e6 3. d4 cxd4 4. Nxd4 Nf6 5. Nc3 Nc6 6. Nxc6 bxc6 7. e5 Nd5 8. Ne4 Qc7 9. f4 Qb6 10. c4 Bb4+ 11. Ke2 f5 12. exf6 Nxf6 {B45: Sicilian Four Knights} 13. Be3 Qd8 14. Nd6+ Bxd6 15. Qxd6 Bb7 (15... Qe7 16. Bc5 Qf7 17. Ke3 g5 18. Be2 g4 19. Rac1 h5 20. Rc3 Qg7 21. Bd3 Kf7 22. Kd2 Re8 23. Re1 Qh6 24. Kc2 a5 25. Re5 Nh7 26. Rf5+ Kg8 27. Qe5 {1-0 (27) Vidit,S (2718)-Krasenkow,M (2671) Wijk aan Zee 2018}) 16. Kd1 c5 17. Bd3 {LiveBook: 3 Games} ({But not} 17. Bxc5 Ne4 $17) 17... Rc8 $1 18. Rg1 $146 ({Better is} 18. Bxc5 $11 Be4 19. Kc2) ({Predecessor:} 18. Re1 Be4 19. Bxe4 Nxe4 20. Qe5 {½-½ (71) Renet,O (2469)-Tregubov,P (2611) Haguenau 2013}) 18... Rc6 $15 19. Qe5 O-O 20. g4 (20. Re1 $15) 20... d5 (20... d6 $1 $17 {[%cal Rd6e5]} 21. Qxe6+ Rf7) 21. Kc1 (21. Kc2 $1 $15) 21... dxc4 ({Black should play} 21... Ba6 $17 22. f5 Bxc4 23. Bxc4 (23. fxe6 Re8 $17) 23... dxc4) 22. Bxc4 $11 Nd5 23. Rd1 $36 {[%mdl 2048] White has good play.} Qc7 24. Qxc7 Rxc7 25. Kd2 Nxf4 26. Bxf4 Rxf4 27. Bxe6+ Kf8 28. Rf1 Rxf1 29. Rxf1+ {[%mdl 4096] Endgame KRB-KRB} Ke7 30. Bc4 Kd6 31. Rf4 Re7 32. Bd3 h6 33. h4 Bd5 34. Ra4 Rf7 35. Bf5 Ke5 36. h5 Rc7 37. Kc3 Bc6 38. Ra6 Bd5 39. Kd3 Rb7 40. b3 Re7 41. Ke3 Rb7 42. Bd3 Rf7 43. Bc4 (43. Be2 {feels hotter.} Re7 44. Bc4 Be4 45. Ra5 Bb1 46. Be2) 43... Rf3+ 44. Kd2 Bxc4 45. bxc4 {KR-KR} Rg3 46. Rg6 Kd4 47. Rxg7 Rg2+ 48. Kd1 a5 49. Rg6 Kxc4 50. a4 Kb3 51. Ke1 (51. Rxh6 $11 Rxg4 52. Rb6+ Kc3 53. Rb5) 51... c4 $17 {Threatens to win with ...c3.} 52. Kf1 {[#]} Rh2 ({Black should try} 52... Rd2 $1 $17 {And now ...c3 would win.} 53. Rxh6 c3 54. Rb6+ Kxa4) 53. Kg1 (53. Rb6+ $1 $11 Kxa4 54. Ke1) 53... Rd2 54. Rxh6 c3 55. Rb6+ Kxa4 {...c2 is the strong threat.} 56. h6 {[#]} Rd4 (56... Rd8 $1 $17 57. Rc6 Kb3 58. Rb6+ Kc4 59. Rc6+ Kb4) 57. h7 $11 {The position is equal.} Rxg4+ 58. Kf2 Rh4 59. Ke2 Rxh7 {Strongly threatening ...Rd7.} 60. Kd3 $1 Rc7 {White must now prevent ...c2.} 61. Kc2 Ka3 {Threatening ...a4.} 62. Rb3+ Ka2 {next ...a4 is good for Black.} 63. Rxc3 Rb7 64. Rc8 {Precision: White = 48%, Black = 47%.} 1/2-1/2

[Event "FIDE WCCC U12 2018"]
[Site "Santiago de Compostela"]
[Date "2018.11.08"]
[Round "4"]
[White "Guo, Arthur"]
[Black "Maldonado Mena, German"]
[Result "1-0"]
[WhiteElo "2333"]
[BlackElo "1898"]
[Annotator "TA"]
[PlyCount "79"]
[EventDate "2018.11.04"]
[EventType "swiss"]
[EventCountry "ESP"]
[SourceTitle "playchess.com"]
[Source "ChessBase"]
[SourceQuality "1"]

{[%evp 20,79,39,3,46,43,42,39,59,66,58,97,130,125,198,191,208,190,227,216,199,209,269,257,250,258,246,219,323,254,433,417,449,320,337,327,385,385,381,368,493,493,468,481,460,447,452,430,946,937,946,926,859,819,955,946,967,908,1561,1501,1723,1716]} 1. d4 Nf6 2. c4 g6 3. g3 Bg7 4. Bg2 O-O 5. Nc3 d6 6. Nf3 Nc6 7. O-O Bf5 8. d5 Na5 9. Nd2 c5 10. e4 Bd7 11. a3 {LiveBook: 3 Partien. E62: Königsindisch (6...Sc6)} (11. Rb1 e5 12. a3 b6 13. b4 Nb7 14. Nb3 Ng4 15. f3 Nf6 16. bxc5 dxc5 17. Qd3 Nd6 18. a4 Nh5 {0-1 (34) Inarkiev,E (2680)-Smirin,I (2663) Khanty-Mansiysk 2013}) 11... b6 12. b4 $146 ({Vorgänger:} 12. Qc2 Rc8 13. Qd3 a6 14. b4 Nb7 15. Bb2 Qc7 16. Rfc1 e5 17. Nd1 Ng4 18. f3 Nh6 {0-1 (40) Tandrup,M (1963)-Westerinen,H (2350) Ballerup 2011}) 12... Nb7 13. Bb2 {Weiß steht etwas besser.} Ng4 14. h3 Ne5 15. Qe2 $1 {zielt auf f4 ab.} b5 16. cxb5 {Droht f4 und aus.} c4 (16... Qb6 $16) 17. Nxc4 $18 Nxc4 18. Qxc4 Qc8 19. Qxc8 Rfxc8 20. Rfc1 Bxc3 21. Bxc3 Bxb5 22. a4 Bd3 23. a5 Rc4 (23... f6 {war nötig.} 24. h4 Nd8) 24. f3 Rac8 $2 {[#]} (24... a6 25. Bd2 Rcc8) 25. Bd2 f5 26. Be3 a6 27. exf5 gxf5 28. Bf1 Bxf1 29. Kxf1 ({Nicht} 29. Rxf1 Rxb4 30. Bg5 Kf7 $11) 29... Rc3 30. Rxc3 {Weiß steht klar auf Gewinn.} Rxc3 {[%mdl 4096] Endspiel [#] KTL-KTS} 31. b5 $1 {[%mdl 512]} Nc5 (31... axb5 32. a6) 32. Bxc5 Rxc5 33. bxa6 {Schwarz muss nun a7 beachten. KT-KT} Rc8 (33... Rc7 $142 34. Rb1 Kf7) 34. Rb1 Ra8 35. Rb6 Kf7 36. Ke2 Kf6 37. Kd3 Ke5 38. Kc4 Rc8+ 39. Kb5 Kxd5 40. a7 {Precision: Weiß = 86%, Schwarz = 18%.} 1-0

[Event "FIDE WCCC U12 2018"]
[Site "Santiago de Compostela"]
[Date "2018.11.08"]
[Round "4"]
[White "Kostolansky, Sebastian Lukas"]
[Black "Klimkowski, Jan"]
[Result "1-0"]
[WhiteElo "2323"]
[BlackElo "1810"]
[Annotator "NA"]
[PlyCount "75"]
[EventDate "2018.11.04"]
[EventType "swiss"]
[EventCountry "ESP"]
[SourceTitle "playchess.com"]
[Source "ChessBase"]
[SourceQuality "1"]
[TimeControl "40/5400+30:1800+30"]

1. e4 {[%emt 0:00:00]} c5 {[%emt 0:00:00]} 2. Nf3 {[%emt 0:00:00]} d6 {[%emt 0:00:00]} 3. c3 {[%emt 0:00:00]} Nf6 {[%emt 0:00:11]} 4. h3 {[%emt 0:00:00]} Qc7 {[%emt 0:00:21] B50: Sizilianisch (Verschiedenes mit 2...d6)} 5. Bd3 {[%emt 0:00:21]} b6 {[%emt 0:00:34]} 6. O-O Bb7 {[%emt 0:00:13]} 7. Re1 {[%emt 0:00:41]} Nbd7 {[%emt 0:00:07]} 8. Bc2 {[%emt 0:00:23]} Rc8 {[%emt 0:00:14]} 9. d3 {[%emt 0:15:49] LiveBook: 35 Games} e6 $146 {[%emt 0:04:27]} ({Vorgänger:} 9... g6 10. a4 Bg7 11. Na3 O-O 12. Bg5 e5 13. Qd2 d5 {0-1 (35) Bauer,C (2623)-Korobov,A (2700) Berlin 2015}) 10. a4 {[%emt 0:00:26]} Be7 {[%emt 0:01:49]} 11. Na3 a6 {[%emt 0:01:50]} 12. Bf4 {[%emt 0:06:50]} O-O {[%emt 0:03:25]} 13. Qe2 {[%emt 0:03:17]} e5 {[%emt 0:08:50]} 14. Bh2 {[%emt 0:09:22]} g6 {[%emt 0:04:16]} 15. Nc4 {[%emt 0:15:42]} Nh5 {[%emt 0:06:24]} 16. Nfd2 {[%emt 0:06:04]} f5 {[#]} (16... Bg5 $11 {remains equal.}) 17. exf5 $1 {[%emt 0:14:42]} Rxf5 {[%emt 0:02:31]} 18. d4 {[%emt 0:00:30]} Nf4 19. Bxf4 {[%emt 0:00:46]} Rxf4 {[%emt 0:04:55]} 20. dxe5 {[%emt 0:01:59]} Qc6 {[%emt 0:02:28]} 21. f3 {[%emt 0:06:05]} ({White should play} 21. Be4 d5 22. Bf3) 21... d5 {[%emt 0:07:35]} 22. e6 {[%emt 0:07:06]} Nf8 {[%emt 0:01:11]} 23. Ne5 {[%emt 0:01:10]} Qxe6 {[%emt 0:01:16]} (23... Qc7 $14) 24. g3 {[%emt 0:00:31]} Rf6 $16 {[%emt 0:02:07]} 25. Ng4 {[%emt 0:00:08]} Qxe2 {[%emt 0:03:35]} 26. Nxf6+ {[%emt 0:00:05]} Bxf6 {[%emt 0:00:30]} 27. Rxe2 {[%emt 0:00:05]} d4 {[%emt 0:01:54]} 28. Be4 {[%emt 0:00:45]} Bxe4 {[%emt 0:02:04]} 29. Nxe4 {[%emt 0:00:30]} Bg7 {[%emt 0:01:33]} 30. c4 {[%emt 0:09:37]} Rd8 {[%emt 0:00:30]} 31. a5 {[%emt 0:01:11]} d3 {[%emt 0:01:15]} 32. Rd2 {[%emt 0:00:38]} b5 {[%emt 0:00:35]} 33. Kf1 {[%emt 0:00:50]} Ne6 {[%emt 0:01:39]} 34. Rc1 {[%emt 0:00:42]} Bf8 {[%emt 0:01:10]} 35. Rc3 {[%emt 0:00:29]} bxc4 {[%emt 0:02:58]} 36. Rxc4 {[%emt 0:00:05]} Bg7 {[%emt 0:01:18]} 37. Nxc5 {[%emt 0:00:49]} Rc8 {[%emt 0:02:00]} 38. b4 {[%emt 0:00:11]} 1-0

[Event "FIDE WCCC U12 2018"]
[Site "Santiago de Compostela"]
[Date "2018.11.08"]
[Round "4"]
[White "Ghazarian, Kirk"]
[Black "Kang, Dorian"]
[Result "1-0"]
[WhiteElo "2264"]
[BlackElo "1953"]
[Annotator "TA"]
[PlyCount "55"]
[EventDate "2018.11.04"]
[EventType "swiss"]
[EventCountry "ESP"]
[SourceTitle "playchess.com"]
[Source "ChessBase"]
[SourceQuality "1"]

{[%evp 20,54,26,7,7,4,20,5,8,0,50,36,98,106,112,70,73,0,0,-13,-7,-28,-25,-29,449,453,414,404,393,161,939,689,29996,29997,29997,29998,29999]} 1. e4 c5 2. Nf3 Nc6 3. Bb5 g6 4. Bxc6 dxc6 5. d3 Bg7 6. h3 Nf6 7. Nc3 Qc7 8. Be3 {B31: Sicilian: 2...Nc6 3 Bb5 g6} (8. e5 Nd5 9. O-O Nxc3 10. bxc3 O-O 11. Bf4 Be6 12. Qd2 Rad8 13. Qe3 c4 14. d4 c5 15. dxc5 Rd5 {½-½ (46) Chigaev,M (2599)-Dubov,D (2703) Sochi 2018}) 8... b6 9. Qd2 e5 10. Bh6 O-O 11. Nh2 {LiveBook: 3 Games} Nh5 {[%cal Bf6h5,Bh5g7,Bg7e6,Be6f4][%mdl 32]} 12. Bxg7 Nxg7 $146 ({Predecessor:} 12... Kxg7 13. Ng4 Kh8 14. O-O-O f6 15. Ne2 Be6 16. Kb1 Rad8 17. Qe3 Qf7 {0-1 (38) Zuriel,M (2241)-Rodriguez Vila,A (2447) Villa Martelli 2016}) 13. O-O Ne6 14. Ne2 Nf4 15. Rae1 f5 (15... Nxe2+ $14 16. Qxe2 Be6) 16. Nxf4 $16 exf4 17. e5 {[%cal Be4e5,Be5e6,Be6e7][%mdl 32]} g5 {[%cal Bg6g5,Bg5f4][%mdl 32]} 18. g3 ({White should play} 18. h4 $16) 18... Qg7 $11 19. gxf4 gxf4+ 20. Kh1 Qh6 $1 21. Rg1+ Kh8 $2 {[%mdl 8192] [#]} (21... Kf7 $11) 22. e6 $1 $18 {[%cal Re6e7][%mdl 512] Threatens to win with e7.} Qf6 (22... Bxe6 23. Qc3+) 23. e7 Re8 24. Qxf4 $40 {[%mdl 128] White wants a kill.} (24. Nf3 $142) 24... Rxe7 $2 (24... Be6) 25. Ng4 {Threatening mate with Rxe7.} Qh4 26. Rxe7 {White mates.} Qxe7 27. Nh6 {[%csl Gh6][%cal Rg1g8]} Qf6 28. Rg8# {Precision: White = 31%, Black = 32%.} 1-0

[Event "FIDE WCCC U12 2018"]
[Site "Santiago de Compostela"]
[Date "2018.11.08"]
[Round "4"]
[White "Wang, Jason"]
[Black "Del Prado Rodriguez, Xulio"]
[Result "1-0"]
[WhiteElo "2229"]
[BlackElo "1734"]
[Annotator "TA"]
[PlyCount "55"]
[EventDate "2018.11.04"]
[EventType "swiss"]
[EventCountry "ESP"]
[SourceTitle "playchess.com"]
[Source "ChessBase"]
[SourceQuality "1"]

{[%evp 24,55,13,7,47,30,84,35,49,46,107,97,143,146,139,153,291,156,294,297,287,260,387,387,404,394,398,387,412,411,411,402,407,400]} 1. d4 Nf6 2. c4 e6 3. Nf3 b6 4. a3 Bb7 5. Nc3 d5 6. Bg5 Be7 7. Bxf6 Bxf6 8. cxd5 exd5 9. Qa4+ c6 10. g3 O-O 11. Bg2 Nd7 12. O-O Re8 13. Rfd1 {[#] LiveBook: 43 Games} c5 $146 {E12: Queen's Indian: Unusual White 4th moves, 4 a3, 4 Nc3 Bb7 5 a3 and 4 Nc3 Bb7} ({Predecessor:} 13... Qe7 14. Qc2 a5 15. Re1 c5 16. Rad1 Rad8 17. e3 g6 18. Re2 Bg7 19. dxc5 Nxc5 20. Nd4 Ne4 21. Qb3 Nxc3 22. Qxc3 {1-0 (53) Lenderman,A (2601)-Kamsky,G (2706) ICC INT 2014}) 14. e3 Qe7 (14... a6 $11 {keeps the balance.}) 15. Rac1 a6 {White is slightly better.} 16. Ne1 Qe6 {[#]} (16... cxd4 $14 17. Nxd5 Bxd5 18. Bxd5 Nc5) 17. Nxd5 $1 {[%mdl 512]} Bxd5 18. Bxd5 Qxd5 19. dxc5 Nxc5 {[#]} (19... Qe6 $16 {might work better.}) 20. Qxe8+ $1 $18 {[%mdl 512]} Rxe8 21. Rxd5 Bxb2 22. Rb1 Bxa3 (22... Na4 $142 23. Rd3 Rc8) 23. Rxb6 {And now Nc2 would win.White is winning.} ({Much less strong is} 23. Nc2 Na4 $18) 23... a5 24. Nc2 Na4 25. Ra6 ({Weaker is} 25. Nxa3 Nxb6 26. Rxa5 g6 $16) 25... Nc3 26. Rdxa5 ({Less strong is} 26. Nxa3 Nxd5 27. Rxa5 Nf6 $16) 26... Bf8 27. Ra8 Rxa8 28. Rxa8 {Precision: White = 81%, Black = 35%.} 1-0

[Event "FIDE WCCC U12 2018"]
[Site "Santiago de Compostela"]
[Date "2018.11.08"]
[Round "4"]
[White "Flores Quillas, Diego Saul Rodri"]
[Black "Nathan, Krishna"]
[Result "1/2-1/2"]
[WhiteElo "2205"]
[BlackElo "1895"]
[Annotator "TA"]
[PlyCount "137"]
[EventDate "2018.11.04"]
[EventType "swiss"]
[EventCountry "ESP"]
[SourceTitle "playchess.com"]
[Source "ChessBase"]
[SourceQuality "1"]

{[%evp 20,137,0,-26,-25,-37,-35,-96,-56,-70,-40,-56,-53,-81,-31,-58,-58,-106,-9,-14,0,-16,0,-51,-40,-117,-59,-49,-36,-64,-56,-64,0,0,28,28,28,28,28,28,28,27,44,44,44,44,44,44,44,44,44,44,44,41,41,0,44,44,44,44,44,0,44,40,40,40,40,40,40,40,40,40,40,40,40,40,40,40,40,40,40,40,47,47,47,47,39,40,47,36,47,47,47,47,47,41,55,36,72,47,79,75,60,0,51,58,114,114,154,154,229,108,83,55,55,52,52,43,52,52]} 1. e4 e6 2. d4 d5 3. Nc3 Nf6 4. Bg5 Bb4 5. e5 h6 6. Bd2 Bxc3 7. bxc3 Ne4 8. Qg4 g6 9. Bd3 Nxd2 10. Kxd2 c5 11. dxc5 {LiveBook: 9 Games} Nd7 {C12: French: Classical System: McCutcheon Variation} (11... Nc6 12. Nf3 Qe7 13. Rhe1 Qxc5 14. Nd4 Bd7 15. Rab1 O-O-O 16. Nxc6 Bxc6 17. Qd4 Qa5 18. f4 Kb8 19. g3 {0-1 (32) Markovic,M (2485)-Fang,Y (2448) Novi Sad 2016}) 12. Nf3 Nxc5 13. Nd4 $146 (13. Rhb1 $15) ({Predecessor:} 13. Rhe1 Bd7 14. Re3 Qc7 15. Rb1 O-O-O 16. Qb4 Rhf8 17. c4 {½-½ (40) Lasker,E-Marshall,F USA (5 cities) 1907}) 13... a6 {Black is better.} 14. h4 Qc7 15. Qf4 Bd7 16. f3 f5 17. g4 O-O-O $1 18. g5 h5 (18... Rh7 $1 $17 19. Rab1 Rdh8 20. gxh6 Rxh6) 19. Rhe1 Kb8 20. Ne2 Rc8 21. Rab1 ({White should try} 21. a4 $11) 21... Rhd8 22. Ke3 {[#]} ({White should play} 22. Qb4 $15) 22... Ka8 (22... Ne4 $1 $17 {[%mdl 512] ...Qc5+ is the strong threat.} 23. fxe4 (23. Bxe4 fxe4) 23... dxe4) 23. Qd4 $15 Be8 24. Kf4 {[%cal Be3f4,Bf4g3,Bg3f2][%mdl 32]} b5 25. Kg3 Qa5 (25... Rb8 $15) 26. Qb4 $11 Qxb4 ({Wrong is} 26... Qxa2 $2 27. Ra1 $18) (26... Qc7 {seems wilder.} 27. Qd4) 27. cxb4 Na4 $1 28. Nd4 Bd7 29. Kf2 Rc3 30. Rb3 Rdc8 31. Rxc3 Nxc3 32. a3 Kb7 33. Ke3 Kb6 34. Nb3 Na4 35. Kd4 Rc7 36. Nc1 Nc3 37. Nb3 Na4 38. Rc1 Rc8 39. Nd2 Nc3 40. Nb3 Na4 41. c3 Rc7 42. Rc2 Rc8 43. Nc1 Be8 44. Ne2 Rd8 45. Ke3 Rc8 46. Kd2 Ka7 47. Rc1 Nb6 48. Nd4 Bd7 49. Nb3 Na4 50. Be2 Be8 51. Nd4 Bd7 52. Bd1 Nb6 53. Bb3 Kb7 54. Ke3 Ka7 55. Ne2 Be8 56. Nf4 Bf7 57. Nd3 Rc7 58. Rc2 Bg8 59. Kd4 Bf7 60. Nc5 Nd7 61. Nd3 Nb6 62. Ra2 Be8 (62... Na4 $14) 63. Nc5 $16 Bd7 64. Bc2 Rc8 {[#]} (64... Be8 $16 65. Bd3 (65. Nxe6 Rc4+ 66. Kd3 Rxh4 $14) 65... Bd7) 65. Bd3 (65. a4 $1 $18 {has better winning chances.}) 65... Rc7 66. Ra1 Na4 {White is slightly better.} 67. Nxa4 bxa4 68. c4 Bc6 69. c5 {Precision: White = 53%, Black = 46%.} 1/2-1/2

[Event "FIDE WCCC U12 2018"]
[Site "Santiago de Compostela"]
[Date "2018.11.08"]
[Round "4"]
[White "Shen, Shiyan"]
[Black "Paternoster, Janez"]
[Result "1-0"]
[WhiteElo "2187"]
[BlackElo "1872"]
[Annotator "ChessBase"]
[PlyCount "45"]
[EventDate "2018.11.04"]
[EventType "swiss"]
[EventCountry "ESP"]
[SourceTitle "playchess.com"]
[Source "ChessBase"]
[SourceQuality "1"]
[TimeControl "40/5400+30:1800+30"]

1. e4 {[%emt 0:00:00]} e5 {[%emt 0:00:00]} 2. Nf3 {[%emt 0:00:00]} Nc6 {[%emt 0:00:00]} 3. Bb5 {[%emt 0:00:05]} a6 {[%emt 0:00:00]} 4. Ba4 {[%emt 0:00:10]} Nf6 {[%emt 0:00:00]} 5. O-O {[%emt 0:00:29]} Be7 {[%emt 0:00:07]} 6. Re1 {[%emt 0:00:32]} b5 {[%emt 0:00:06]} 7. Bb3 {[%emt 0:00:09]} d6 {[%emt 0:00:06]} 8. c3 {[%emt 0:00:21]} Na5 {[%emt 0:00:10]} 9. Bc2 {[%emt 0:00:12]} c5 {[%emt 0:00:10]} 10. d3 {[%emt 0:00:25]} O-O {[%emt 0:01:41]} 11. Nbd2 {[%emt 0:00:27]} Bd7 {[%emt 0:01:38]} 12. Nf1 {[%emt 0:00:36]} Nc6 {[%emt 0:02:06]} 13. Ne3 {[%emt 0:03:20]} b4 {[%emt 0:02:44]} 14. h3 {[%emt 0:04:40]} a5 {[%emt 0:05:36]} 15. d4 {[%emt 0:04:03]} Qc7 {[%emt 0:04:30]} 16. Nd5 {[%emt 0:12:12]} Nxd5 {[%emt 0:02:07]} 17. exd5 {[%emt 0:00:19]} Na7 {[%emt 0:03:34]} 18. dxe5 {[%emt 0:02:11]} dxe5 {[%emt 0:00:21]} 19. Nxe5 {[%emt 0:09:07]} Bf6 {[%emt 0:11:25]} 20. Bf4 {[%emt 0:02:54]} Rfe8 {[%emt 0:07:15]} 21. Bxh7+ {[%emt 0:05:19]} Kxh7 {[%emt 0:02:14]} 22. Qh5+ {[%emt 0:00:06]} Kg8 {[%emt 0:00:17]} 23. Qxf7+ {[%emt 0:00:09]} 1-0

[Event "FIDE WCCC U12 2018"]
[Site "Santiago de Compostela"]
[Date "2018.11.08"]
[Round "4"]
[White "Milikow, Elie"]
[Black "Suleymanli, Suleyman"]
[Result "1-0"]
[WhiteElo "2173"]
[BlackElo "1882"]
[Annotator "TA"]
[PlyCount "97"]
[EventDate "2018.11.04"]
[EventType "swiss"]
[EventCountry "ESP"]
[SourceTitle "playchess.com"]
[Source "ChessBase"]
[SourceQuality "1"]

{[%evp 21,97,22,16,-20,-30,-33,-9,-56,-47,-46,-33,-54,-16,-25,0,-9,0,0,15,16,11,0,4,-3,15,14,19,-42,0,-31,-31,-21,0,0,0,0,40,10,12,-25,-21,-53,-42,-62,0,0,0,-14,0,0,0,0,0,0,56,55,148,152,268,262,270,268,262,258,531,523,490,489,428,321,330,328,304,296,29991,29992,29994,29995]} 1. e4 e6 2. d4 d5 3. Nd2 c5 4. exd5 exd5 5. Bb5+ Nc6 6. Ngf3 Bd6 7. dxc5 Bxc5 8. O-O Nge7 9. Nb3 Bd6 10. c3 O-O 11. Nbd4 Bg4 {LiveBook: 100 Games} 12. Bd3 $146 {Black should prevent Bxh7+! C09: French Tarrasch: 3...c5 4 exd5 exd5 5 Ngf3 Nc6} ({Predecessor:} 12. Be2 Re8 13. Re1 Ng6 14. h3 Bd7 15. Be3 Bf4 16. Bxf4 Nxf4 17. Bf1 Qf6 18. Qd2 Nxd4 19. Qxd4 Nxh3+ 20. gxh3 Qxf3 {½-½ (57) Hossain,E (2432)-Sadorra,J (2574) Ashkhabad 2017}) 12... Nxd4 13. cxd4 Qd7 14. Be2 {The position is equal.} Nc6 15. Re1 Rfe8 16. Be3 Rac8 17. Rc1 Na5 18. Rxc8 Rxc8 19. h3 Bf5 20. Ne5 Qc7 21. Bf3 Be6 22. Bg4 Bxe5 23. dxe5 Nc6 {[%cal Ba5c6,Bc6e7,Be7f5][%mdl 32]} 24. Bg5 (24. f4 $11) 24... Qd7 (24... Nxe5 $2 25. Bxe6 fxe6 26. Bf4 $18) 25. Bf3 h6 26. Bf4 Ne7 27. b3 Nf5 28. Be2 b6 29. Bd3 Ne7 30. Re3 Bf5 31. Bxf5 Qxf5 32. Bg3 Qe6 (32... Qc2 $15 33. Qxc2 Rxc2) 33. Rd3 $11 Rc5 34. Qe2 Nf5 35. Bf4 g5 36. Bd2 $1 f6 37. f4 d4 (37... fxe5 $11 38. fxe5 Nd6) 38. g4 $14 Ne7 (38... Nd6 $1 $14) 39. Rxd4 $16 fxe5 (39... gxf4 $16 40. Rd8+ (40. Rxf4 Rxe5 41. Qf1 f5 $14) (40. Bxf4 fxe5 41. Rd8+ Kh7 $16) 40... Kf7) 40. Rd8+ $18 ({Resist} 40. fxg5 $6 Nc6 $16) 40... Kg7 41. fxg5 hxg5 42. Qe3 ({Much less strong is} 42. Bxg5 $6 Nc6 $18) 42... e4 $2 (42... Qf6 43. Rd7 (43. Qxg5+ Qxg5 44. Bxg5 Rc7 $18) 43... Kg8 44. Rxa7 Nc6) 43. Bc3+ Kg6 44. Qd4 {[%csl Gc3][%cal Rd4g7] [#]} Rxc3 45. Rd6 Rc1+ 46. Kf2 Rc2+ 47. Ke3 Rc6 $2 {[#]} (47... Rc3+ $18 48. Kd2 Rd3+ 49. Qxd3 exd3 50. Rxe6+ Kf7) 48. Qxe4+ Kf7 49. Qxe6+ {Precision: White = 58%, Black = 37%.} 1-0

[Event "FIDE WCCC U12 2018"]
[Site "Santiago de Compostela"]
[Date "2018.11.08"]
[Round "4"]
[White "Droin, Augustin"]
[Black "Akhmedinov, Satbek"]
[Result "1/2-1/2"]
[WhiteElo "2155"]
[BlackElo "1856"]
[Annotator "TA"]
[PlyCount "102"]
[EventDate "2018.11.04"]
[EventType "swiss"]
[EventCountry "ESP"]
[SourceTitle "playchess.com"]
[Source "ChessBase"]
[SourceQuality "1"]

{[%evp 11,102,25,37,28,31,31,57,42,106,120,120,118,178,12,12,-12,-22,-91,-83,-91,-47,-55,12,15,19,24,23,29,35,24,43,4,18,0,0,0,0,0,0,-8,12,-22,-2,-47,10,8,6,0,0,0,27,35,118,22,25,19,23,-6,-6,-5,-6,-8,-10,-41,-25,-29,-8,-10,0,0,34,31,48,21,24,8,8,8,8,8,8,8,8,8,8,0,0,0,0,0,0,0,0]} 1. e4 c5 2. Nf3 Nc6 3. Bb5 g6 4. O-O Bg7 5. Nc3 Nf6 6. e5 Ng4 7. Bxc6 {B31: Sicilian: 2...Nc6 3 Bb5 g6} bxc6 (7... dxc6 8. Re1 O-O 9. d3 Nh6 10. h3 Nf5 11. Ne4 b6 12. Bf4 Nd4 13. c3 Nxf3+ 14. Qxf3 Be6 15. Qe3 Qd5 16. c4 Qd7 17. Bh6 Rfd8 18. Bxg7 Kxg7 {0-1 (44) Vidit,S (2707)-Li,C (2732) Liaocheng 2018}) 8. Re1 Qc7 {[%cal Rg4e5]} 9. d4 {White is slightly better.} cxd4 ({Black should try} 9... O-O $1 $14) 10. Qxd4 $16 d6 {[#]} 11. Qxd6 $146 {[%mdl 512]} ({Predecessor:} 11. Bf4 O-O 12. h3 c5 13. Qe4 Bf5 14. exd6 exd6 {1-0 (42) Joachim,S (2440)-Tomczak,R (2315) Germany 1998}) 11... Qb6 {[#]} (11... Bxe5 $16 {was called for.} 12. Qxc7 Bxc7) (11... exd6 12. exd6+) 12. Qd4 $2 (12. Qd2 $1 $18) 12... Nxe5 $11 13. Qe3 (13. Qf4 {with more complications.} Nxf3+ 14. Qxf3 O-O 15. b3 Qc7 16. Bb2) 13... Qxe3 14. fxe3 (14. Bxe3 $11 Nxf3+ 15. gxf3) 14... Rb8 $17 15. Nd4 Bd7 16. Ne4 Nc4 (16... h5 $15) 17. b3 $11 Nd6 18. Nc5 e5 19. Nf3 Bg4 20. e4 O-O 21. Bb2 Rfe8 22. Nd3 {[%cal Rf3e5]} f6 23. Rad1 {And now Nf2 would win.} Bf8 24. h3 Be6 25. g4 (25. Ba3 $5 {[%cal Rd3e5]}) 25... h6 26. Kh2 Bf7 27. c4 Kh7 (27... Nb7 $15) 28. Ba3 {Black must now prevent Ndxe5!} Red8 29. h4 g5 30. Nc5 gxh4 (30... a5 {keeps more tension.} 31. Kg2 Ra8 32. h5 Ne8 33. Rxd8 Rxd8 34. Nb7 Rb8) 31. Nxh4 h5 {[#]} (31... a5 $14) 32. gxh5 ({Better is} 32. g5 $1 $16) 32... Bxh5 33. Ne6 Bxd1 34. Rxd1 Nxe4 35. Nxd8 Bxa3 36. Nxc6 Rb7 37. Rd3 Rc7 38. Nd8 $1 Nc5 39. Rd5 Kg8 40. Nf5 e4 41. Kg3 a5 42. Rd6 (42. Nc6 $5) 42... a4 43. Ne6 (43. Rxf6 {is interesting.} axb3 44. Rg6+ Kh7 45. Rh6+ Kg8 46. axb3 Nxb3 47. Ra6) 43... Nxe6 {The position is equal.} 44. Rxe6 axb3 45. axb3 {[%mdl 4096] Endgame KRB-KRN} Rb7 46. Rxf6 Rxb3+ 47. Kf4 e3 48. Nxe3 Bc1 49. Re6 Rc3 50. Re4 Bxe3+ 51. Rxe3 Rxc4+ {Precision: White = 41%, Black = 47%.} 1/2-1/2